banner-ar

سياسة بريطانيا فى جنوب الجزيرة العربية (Record no. 39832)

MARC details
000 -الفاتح
حقل البيانات ثابتة الطول 00311nam a2200121Ia 4500
008 - عناصر البيانات ثابتة الطول - معلومات عامة
حقل البيانات ثابتة الطول 140319s9999 xx 000 0 ara d
040 ## - مصدر الفهرسة
وكالة الفهرسة الأصلية GCL /
وكالة النسخ GCL
082 04 - رقم تصنيف ديوى العشرى
رقم التصنيف 953.302
رقم المادة ج س
245 10 - بيان العنوان
العنوان سياسة بريطانيا فى جنوب الجزيرة العربية
300 ## - الوصف المادى
التعداد 447 ص
490 ## - بيان السلسلة
عنوان السلسلة
Holdings
حالة التراجع حالة الفقد حالة تلف ليس للاعارة المكان المؤقت الموقع الحالى تاريخ الاكتساب اجمالي اﻻعارات رقم الطلب الباركود تاريخ اخر مشاهدة تاريخ تفعيل السعر نوع وعاء كوها
        مكتبة القاهرة الكبرى مكتبة القاهرة الكبرى 03/26/2014   953.302\ج س 97116 03/26/2014 03/26/2014 كتاب
        مكتبة القاهرة الكبرى مكتبة القاهرة الكبرى 03/26/2014   953.302\ج س 97117 03/26/2014 03/26/2014 كتاب
        مكتبة القاهرة الكبرى مكتبة القاهرة الكبرى 03/26/2014   953.302\ج س 97118 03/26/2014 03/26/2014 كتاب

Powered By

EGPV